000 00315nam a2200133Ia 4500
008 190216s9999||||xx |||||||||||||| ||und||
100 _aA.Vinod
245 0 _aMarketing Management / I
250 _ai
260 _bCalicut University Central Co-Operative
_c2002
300 _a441
650 _aCommerce
942 _cBK
999 _c8140
_d8140